00959 2200181 4500245004700000020002200047250001100069700001800080650001300098650004400111005001900155260003700174041001400211084001300225300002300238500050700261336000900768 aSemangat NasionalismecMujib HermanihText a978-979-98798-3-7 aCet. 1 aMujib Hermani aSoekarno aSejarah Indonesia pada Periode Soekarno a20230926075320 aJakartabArti Bumi Intaranc2012 aIndonesia a959.8035 a260 hlm. :c25 cm. aBuku ini dihadirkan untuk kepentingan sejarah bagi perjuangan bangsa dan Negara Republik Indonesia tercinta, terutama ditunjukan kepada kaum muda sebagai generasi penerus yang bertanggung jawab agar tercapainya cita-cita luhur rakyat Indonesia seperti yang digariskan dalam Trisakti Soekarno: Berdaulau di bidang politik, berdikari di bidang ekonomi, berkepribadian di bidang kebudayaan.Buku ini memiliki pokok pembahasan, seperti Soekarno Bapak Bangsa dan Revolusi Indonesia dan Semangat Nasionalisme. atext